Estudio de factibilidad para la interconexión de tres redes LAN en el Instituto Pedagógico la Salle - Managua
Apoyar a la toma de decisiones para la interconexión de las redes de computadoras existentes en el instituto pedagógico la Salle de Managua.
| Main Authors: | , |
|---|---|
| Other Authors: | |
| Format: | Tesis Section = Libro |
| Language: | Undetermined Spanish |
| Published: |
Managua
UNI
2002
|
| Subjects: |
| LEADER | 01069nam a2200265Ia 4500 | ||
|---|---|---|---|
| 008 | 240830s9999 xx 000 0 und d | ||
| 040 | |a BIBLIOTECA-RUSB/ Mon 004.65 G292 | ||
| 041 | |a spa | ||
| 082 | |a Mon 004.65 G292 | ||
| 100 | 1 | |a Gea Castilblanco, Juan Francisco | |
| 100 | 1 | |b Toruño Cáliz, Freddy Alberto | |
| 245 | 1 | 0 | |a Estudio de factibilidad para la interconexión de tres redes LAN en el Instituto Pedagógico la Salle - Managua |
| 260 | |a Managua |b UNI |c 2002 | ||
| 300 | |a 24 p. :il. | ||
| 500 | |a Curso de Graduación Administración de Redes de Computadoras | ||
| 502 | |a Tesis (Ingeniero en Computación) - UNI, 2002. | ||
| 520 | 3 | |a Apoyar a la toma de decisiones para la interconexión de las redes de computadoras existentes en el instituto pedagógico la Salle de Managua. | |
| 650 | 7 | |a REDES DE COMUNICACION POR COMPUTADOR- LA SALLE | |
| 650 | 7 | |b ESTUDIO DE FACTIBILIDAD - REDES DE COMPUTADORAS | |
| 650 | 7 | |c REDES LAN | |
| 650 | 7 | |d TIPOS DE REDES | |
| 700 | 1 | |a Tutor: |b Hurtado, Pablo | |
| 942 | |c BK |2 ddc | ||
| 991 | |a TESIS | ||
| 999 | |c 19638 | ||